[Event "Asuncion op"]
[Site "Asuncion"]
[Date "2014.05.02"]
[Round "4"]
[White "Medina de Baets, Vicente Jose"]
[Black "Bento, Robert"]
[Result "1-0"]
[WhiteElo "1950"]
[BlackElo "1754"]
[PlyCount "97"]
[EventDate "2014.04.30"]
[EventType "swiss"]
[EventRounds "9"]
[EventCountry "PAR"]
[SourceTitle "CBM 160 Extra"]
[Source "ChessBase"]
[SourceDate "2014.07.01"]
[SourceVersion "1"]
[SourceVersionDate "2014.07.01"]
[SourceQuality "1"]

1. c4 c5 2. Nc3 Nc6 3. Nf3 g6 4. g3 Bg7 5. Bg2 Nh6 6. d3 Nf5 7. 0-0 0-0 8. Rb1 d6 9. a3 Bd7 10. Nd5 e6 11. Ne3 Nfd4 12. b4 Nxf3+ 13. Bxf3 cxb4 14. axb4 Qc8 15. Bb2 Nd4 16. Bg2 Bc6 17. f3 b6 18. b5 Bb7 19. Nc2 Nxc2 20. Qxc2 Bxb2 21. Qxb2 Qc5+ 22. Kh1 a5 23. bxa6 Rxa6 24. Qd2 Bc6 25. d4 Qxc4 26. Rfc1 Qd5 27. e4 Qa5 28. Qxa5 bxa5 29. Bf1 Rfa8 30. Bxa6 Rxa6 31. Rc3 a4 32. Ra3 g5 33. g4 Kg7 34. Kg1 Kg6 35. Kf2 f5 36. d5 exd5 37. exf5+ Kf6 38. Re1 Bd7 39. Rd3 Ra5 40. Kg3 h5 41. h4 gxh4+ 42. Kxh4 a3 43. Ra1 Ke5 44. Kxh5 Kf4 45. Raxa3 Rxa3 46. Rxa3 d4 47. f6 Be8+ 48. Kh6 Kg3 49. Rd3 1-0

[Event "Asuncion op"]
[Site "Asuncion"]
[Date "2014.04.30"]
[Round "1"]
[White "Vazquez, Guillermo"]
[Black "Medina de Baets, Vicente Jose"]
[Result "1-0"]
[WhiteElo "2343"]
[BlackElo "1950"]
[PlyCount "67"]
[EventDate "2014.04.30"]
[EventType "swiss"]
[EventRounds "9"]
[EventCountry "PAR"]
[SourceTitle "CBM 160 Extra"]
[Source "ChessBase"]
[SourceDate "2014.07.01"]
[SourceVersion "1"]
[SourceVersionDate "2014.07.01"]
[SourceQuality "1"]

1. e4 d6 2. d4 g6 3. Bc4 Nf6 4. Qe2 e5 5. dxe5 dxe5 6. Nf3 Qe7 7. Ng5 Be6 8. Nxe6 fxe6 9. 0-0 Bg7 10. Nd2 0-0 11. Nf3 Nc6 12. c3 Nh5 13. g3 Na5 14. Bd3 c5 15. Bg5 Qc7 16. b4 c4 17. Bc2 Nc6 18. a4 a6 19. a5 Na7 20. Rac1 Nb5 21. Bb1 h6 22. Be3 Rf7 23. Nh4 Kh7 24. Nxg6 Kxg6 25. Qg4+ Kh7 26. Qxh5 Raf8 27. Qe2 Bf6 28. Ba2 Nd6 29. Bc5 Rc8 30. Bxc4 Nxc4 31. Qxc4 Be7 32. Qxe6 Bxc5 33. bxc5 Qe7 34. Qxc8 1-0

[Event "Barcelona Catalunya op 25th"]
[Site "Barcelona"]
[Date "2011.04.24"]
[Round "9"]
[White "Vidarte Morales, Arturo"]
[Black "Medina de Baets, Vicente Jose"]
[Result "1-0"]
[WhiteElo "2391"]
[BlackElo "1957"]
[PlyCount "79"]
[EventDate "2011.04.16"]
[EventType "swiss"]
[EventRounds "9"]
[EventCountry "ESP"]
[SourceTitle "CBM 142 Extra"]
[Source "ChessBase"]
[SourceDate "2011.06.27"]
[SourceVersion "1"]
[SourceVersionDate "2011.06.27"]
[SourceQuality "1"]

1. d4 Nf6 2. c4 d6 3. Nc3 g6 4. e4 Bg7 5. f3 0-0 6. Nge2 Nc6 7. Be3 a6 8. Qd2 Rb8 9. Rb1 b5 10. cxb5 axb5 11. b4 e5 12. d5 Ne7 13. Ng3 Bd7 14. Bd3 Rb7 15. 0-0 Ne8 16. f4 f5 17. exf5 gxf5 18. Rbc1 e4 19. Be2 Nf6 20. Nh5 Nxh5 21. Bxh5 Be8 22. Be2 Qd7 23. Bd4 Bh6 24. Rc2 Bf7 25. g4 fxg4 26. Nxe4 Bg6 27. Nf6+ Rxf6 28. Bxf6 Bxc2 29. Qxc2 Nxd5 30. Bg5 Bg7 31. Qd1 Qf7 32. Bxg4 Ne3 33. Qf3 Bd4 34. Qxb7 Nxg4+ 35. Kh1 Kg7 36. Qg2 Qf5 37. Bh4 Kf7 38. Re1 Qxf4 39. Rf1 Nf2+ 40. Bxf2 1-0

[Event "Barcelona Catalunya op 25th"]
[Site "Barcelona"]
[Date "2011.04.17"]
[Round "2"]
[White "Medina de Baets, Vicente Jose"]
[Black "Bergez, Luc"]
[Result "0-1"]
[WhiteElo "1957"]
[BlackElo "2415"]
[PlyCount "64"]
[EventDate "2011.04.16"]
[EventType "swiss"]
[EventRounds "9"]
[EventCountry "ESP"]
[SourceTitle "CBM 142 Extra"]
[Source "ChessBase"]
[SourceDate "2011.06.27"]
[SourceVersion "1"]
[SourceVersionDate "2011.06.27"]
[SourceQuality "1"]

1. Nf3 g6 2. c4 Bg7 3. d4 Nf6 4. Nc3 0-0 5. g3 d6 6. Bg2 c5 7. 0-0 Nc6 8. h3 cxd4 9. Nxd4 Nxd4 10. Qxd4 Be6 11. Qd3 Qc8 12. b3 Bxh3 13. Ba3 Rd8 14. Rac1 Bh6 15. e3 Bxg2 16. Kxg2 Qc6+ 17. f3 e6 18. Qd4 Bg7 19. Qh4 Qa6 20. Bb2 d5 21. Nb5 dxc4 22. Nc7 Rd2+ 23. Kg1 Qb6 24. Nxa8 Qxe3+ 25. Kh1 Qe2 26. Qh3 Rxb2 27. Rxc4 Bf8 28. Nc7 Nh5 29. Kg1 Bc5+ 30. Rxc5 Qe3+ 31. Kh1 Qxc5 32. Ne8 Qb5 0-1

[Event "Barcelona Catalunya op"]
[Site "Barcelona"]
[Date "2010.03.27"]
[Round "1"]
[White "Medina de Baets, Vicente Jose"]
[Black "Munoz Pantoja, Miguel Angel"]
[Result "0-1"]
[WhiteElo "1860"]
[BlackElo "2427"]
[PlyCount "48"]
[EventDate "2010.03.27"]
[EventType "swiss"]
[EventRounds "9"]
[EventCountry "ESP"]
[SourceTitle "CBM 135 Extra"]
[Source "ChessBase"]
[SourceDate "2010.05.04"]
[SourceVersion "1"]
[SourceVersionDate "2010.05.04"]
[SourceQuality "1"]

1. e4 d5 2. exd5 Qxd5 3. d4 Nc6 4. Be3 e5 5. Nc3 Bb4 6. Qd2 Qa5 7. dxe5 Nge7 8. Bc4 Bg4 9. f3 Rd8 10. Bd3 Bf5 11. 0-0-0 Bxd3 12. cxd3 Nxe5 13. Qc2 Bxc3 14. bxc3 Nd5 15. Bd4 0-0 16. Qb2 Nc6 17. Ne2 Nxd4 18. cxd4 Rd6 19. Qd2 Qb6 20. Qb2 Qa6 21. Kd2 Qa5+ 22. Nc3 Rb6 23. Qa1 Nxc3 24. Qxc3 Rb2+ 0-1